Real or Fake? Inception(2010) Letterboxd Reviews - Statistics

General Stats
  • This quiz has been taken 41 times
  • The average score is 4 of 25
Answers on the Grid
Answers color-coded by a green-red scale on the quiz's grid according to % correct below.
"DREAMS FEEL REAL WHILE WE’RE IN THEM. IT’S ONLY WHEN WE WAKE UP THAT WE REALIZE SOMETHING WAS ACTUALLY STRANGE." — DOM COBB
(the notorious b.i.g. voice) IT WAS ALL A DREAM, CHRISTOPHER NOLAN IS THE MOTHERFUCKING SUPREME
brb gonna kill myself to see if i’m in a dream
bro what if ❓the only way to get out 🚷 of the dream 💤,, was to 😳 kiss 💋 but you were a projection 😱
Came back to this incredible masterpiece aka Nolan’s best work to date
christopher nolan spent years writing this movie's complex plot and really named the main character dom cobb
cillian murphy is the only man I trust
cillian murphy, a face card for the ages
cillian murphy: no dad i'm giving up on YOUR dream!
Dom Cobb (“Dom Cobb”) is such a boy boss gaslighter 😂😂 goofiest shit of all time 😩😩 accidentally watched the two best films of 2010 - no complaints !
Don't watch this high. Not sure if my brain will ever stop hurting o.O
dudes be like “she keeps appearing in my dreams” pack it up mr cobb!
ending shot had me and dad up off the couch screaming about whether it would topple or not
i love not knowing what the fuck is going on
I love when hans zimmer starts playing my favorite song!

the song: BWAHHHHH BWAHHHHHHHHHHHHH
I loved the two main characters, cillian murphy and cillian murphy's schlong
I tried watching this movie with my dad but he just got mad and left because I wouldn't stop singing the score
I'm going to delete this later to forget I've already seen it and watch it again.
if christopher nolan ever needs a script for the sequel, my arthur/eames fanfic is ready to go
ilysm (i love you scillian murphy)
impressive that they found a way to animate what a migraine feels like.
inception is not difficult to understand. maybe you're just stupid.
it was better when i was a kid
It's as good as people say. Probably better. I need to rewatch it at least 200 more times.
Literally can’t show this to my mom she’s gonna think it’s real
makes me wanna go out and vote
me when hans zimmer comes on : 💃🏻
me, deciding which film to put on while i try to nap on the plane: i'm gonna get real meta with it
My mom told me not to trust people that don't like this movie.
nolan be casting his movies like: yeah this should make em horny. drop it
only nolan can go inside people's brain and shoot their dreams.
Quite simply one of the most important and innovative pieces of American cinema.
thank you christopher nolan for making me look like boo boo the fool once again
The fact that 'The King's Speech' won Best Picture over this is laughable.
this is how you gaslight yourself
this is what dreams of dreams of dreams of dreams are made of, hey now!!
This movie is the reason why I fell in love with movies.

My Top 100 Films
Christopher Nolan Ranked
well maybe if these grown ass men weren’t so petty
what i say: inception is one of the smartest and most well crafted movies i’ve ever seen

what I mean: tom hardy is really hot in this movie
white male gets tricked into thinking
 
Answer Stats
Answer % Correct
bro what if ❓the only way to get out 🚷 of the dream 💤,, was to 😳 kiss 💋 but you were a projection 😱
32%
brb gonna kill myself to see if i’m in a dream
28%
christopher nolan spent years writing this movie's complex plot and really named the main character dom cobb
28%
I love when hans zimmer starts playing my favorite song!

the song: BWAHHHHH BWAHHHHHHHHHHHHH
28%
"DREAMS FEEL REAL WHILE WE’RE IN THEM. IT’S ONLY WHEN WE WAKE UP THAT WE REALIZE SOMETHING WAS ACTUALLY STRANGE." — DOM COBB
24%
cillian murphy: no dad i'm giving up on YOUR dream!
20%
Dom Cobb (“Dom Cobb”) is such a boy boss gaslighter 😂😂 goofiest shit of all time 😩😩 accidentally watched the two best films of 2010 - no complaints !
20%
me when hans zimmer comes on : 💃🏻
20%
My mom told me not to trust people that don't like this movie.
20%
This movie is the reason why I fell in love with movies.

My Top 100 Films
Christopher Nolan Ranked
20%
what i say: inception is one of the smartest and most well crafted movies i’ve ever seen

what I mean: tom hardy is really hot in this movie
20%
ilysm (i love you scillian murphy)
16%
inception is not difficult to understand. maybe you're just stupid.
16%
nolan be casting his movies like: yeah this should make em horny. drop it
16%
only nolan can go inside people's brain and shoot their dreams.
16%
(the notorious b.i.g. voice) IT WAS ALL A DREAM, CHRISTOPHER NOLAN IS THE MOTHERFUCKING SUPREME
16%
this is what dreams of dreams of dreams of dreams are made of, hey now!!
16%
dudes be like “she keeps appearing in my dreams” pack it up mr cobb!
12%
ending shot had me and dad up off the couch screaming about whether it would topple or not
12%
if christopher nolan ever needs a script for the sequel, my arthur/eames fanfic is ready to go
12%
The fact that 'The King's Speech' won Best Picture over this is laughable.
12%
Came back to this incredible masterpiece aka Nolan’s best work to date
4%
cillian murphy, a face card for the ages
4%
me, deciding which film to put on while i try to nap on the plane: i'm gonna get real meta with it
4%
I tried watching this movie with my dad but he just got mad and left because I wouldn't stop singing the score
0%
No matching quizzes found
Score Distribution
Percent of People with Each Score
Percentile by Number Answered
Your Score History
You have not taken this quiz